| 000 | 00489nam a22001937a 4500 | ||
|---|---|---|---|
| 003 | CEME | ||
| 005 | 20210628203316.0 | ||
| 008 | 210127b xxu||||| |||| 00| 0 eng d | ||
| 020 | _a9814-12-670-5 | ||
| 040 | _c. | ||
| 082 | _a519.82 GRO | ||
| 100 |
_aGross, Danald:Harris, Carl M _964613 |
||
| 245 | _aFundamentals of queueing theory | ||
| 250 | _a3RD | ||
| 260 |
_aNEW DELHI _bJOHN WILEY & SONS _c2002 |
||
| 300 | _aXI,441P | ||
| 650 |
_aQUEUEING THEORY _964614 |
||
| 942 |
_cBK _2ddc |
||
| 999 |
_c573053 _d573053 |
||